000 00641nam a2200229Ia 4500
003 OSt
005 20221007080056.0
006 a|||||r|||| 00| 0
007 ta
008 221006b |||||||| |||| 00| 0 eng d
024 _a3,110
037 _cTextual
040 _aFLL
_cFLL
_beng
041 _2eng
_aeng
082 _aZ1:218, L4
100 _aBhatt S. Au.
_9693885
245 0 _aStudies in aerospace law Fwd.by Dr. Nagendra Singh
260 _aNew Delhi
_bSterling Publishers Pvt. Ltd. India
_c1974
650 _aAerospace law
_9694596
942 _hZ1:218, L4
_cTEXL
_2CC
999 _c1158290
_d1158290